Statistics for Presidential Names With Highest % of Consonants

Click here to take the quiz!

General Stats

  • This quiz has been taken 24 times
  • The average score is 9 of 12

Answer Stats

% ConsonantsLast Name% Correct
75Bush
95%
71.4Lincoln
89%
80Trump
84%
70Washington
84%
71.4Clinton
79%
75Ford
79%
71.4Johnson
74%
80Grant
68%
75Polk
68%
75Taft
68%
71.4Harding
53%
71.4Jackson
53%

Score Distribution

Percentile by Number Answered

Percent of People with Each Score

Your Score History

You have not taken this quiz